000 01443nam a2200229Ia 4500
999 _c44728
_d44728
001 11533
003 GE_BSU
005 20250429165918.0
008 181216s2005||||ge |||||||||||||| ||geo||
040 _cGE_BSU
041 _ageo
080 _a636.084(075.8) დ–92
100 _aდურსტი, ლეონარდ
_924970
245 _aსასოფლო–სამეურნეო ცხოველთა კვება /
_cლეონარდ დურსტი, ვიტმანი მარგიტ, ი.იბატულინის და გ.პროვატოროვის რედ.რუსულიდან ქართულად თარგმნა ზოოინჟინერმა ვერა ველენავამ;თარგმნის რედ:ავთანდილ კორახაშვილმა ვაიენშტეფანის გამოყენებით.
264 _aთბილისი:
_bსიესტა,
_c2005.
300 _a384 გვ.:
_b20 სმ.
653 _aსასოფლო–სამეურნეო ცხოველთა კვება.
653 _aსოფლის მეურნეობა
700 _a ვიტმანი, მარგიტ
_924971
_eავტორი
700 _aველენავა, ვერა
_eმთარგმნელი და სხვ.
_924972
942 _cBK
_2udc